1223 1746 1050 1330 1464 1400 1427 1200 1483 1135 1659 1911 1327 1356 1414 1317 1240 1687 1498 1942 1879 1228 1183 1316 1528 1315 1130 1160 1702 1790 1147 1753 1169 1677 1457 1630 1960 1641 1287 1811 1408 1001 1352 1997 1679 1170 1894 1214 1364 1731 1510 1156 1218 1613 1754 1321 1550 1700 1484 1957 1483 1990 1050 1439 1094 1236 1531 1073 1190 1255 1110 1105 1898 1563 1502 1545 1646 1360 1737 1112 1970 1435 1742 1249 1195 1876 1080 1967 1787 1360 1048 1272 1438 1392 1433 1006 1853 1903 1950 BCNSPRNW ULIB Ver.6.0+V

เปลี่ยนเป็นภาษาไทย

Change to English
 แสดงรายละเอียดบรรณานุกรม
  กลับหน้าหลัก

Brief Record : Get Marc (ISO 2709) : E-mail record : QR code < ปิดหน้าต่าง
LEADER : 00000nam 2200000uu 4500
001    13399124803
003     ULIB
008    160325s2000||||th 000 0 eng d
020    ^a080892186X
020    ^a0721662544
020    ^a0721682618
060    ^aW3^bD73
245 00 ^aDorland's illustrated medical dictionary /^c[WilliamAlexander Dorland]
246 30 ^aIllustrated medical dictionary
250    ^a29th ed.
260    ^aPhiladelphia :^bW.B. Saunders,^c2000
300    ^axxiii, 2088 p. :^bill. ;^c29 cm.
500    ^aSend to Single Search
650  2 ^aDictionaries, Medical
650  2 ^aReference Books, Medical
700 1  ^aDorland, W.A. Newman^q(William Alexander Newman),^d1864-1956
945    ^p350^l0^i000352
945    ^p350^l0^i000353
999    ^aเกษร โพธิ์สุวรรณ
รายการนี้ยังไม่มีแท็ก
คุณยังไม่ได้ล็อกอิน คุณสามารถมีกิจกรรมร่วมกับเว็บไซต์ได้ แต่ต้องล็อกอินก่อน ::
  ล็อกอิน

รายการสื่อสารสนเทศ

ลำดับที่ ประเภท เลขเรียก/บาร์โค้ด สถานที่ สถานะ
1. วิทยาศาสตร์การแพทย์ และสุขภาพ
หนังสือสำรอง
สถานะ=หนังสือสำรอง
W3 D73 ฉ.1 
  Barcode: 000352
ห้องสมุดวิทยาเขตสวรรค์ประชารักษ์
►หนังสือทั่วไป
บนชั้น
2. วิทยาศาสตร์การแพทย์ และสุขภาพ
วิทยาศาสตร์การแพทย์ และสุขภาพ
W3 D73 ฉ.2 
  Barcode: 000353
ห้องสมุดวิทยาเขตสวรรค์ประชารักษ์
►หนังสือทั่วไป
บนชั้น

รายการใกล้เคียง
    หัวเรื่อง [Dictionaries, Medical]
    หัวเรื่อง [Reference Books, Medical]

BibComment


ยังไม่เคยถูกคอมเมนท์

คอมเมนท์ทรัพยากรรายการนี้
  คอมเมนท์: Dorlands illustr..


 Copyright 2026. Bcnsprnw @Library